Reglamento de la Liga de Comerciantes Importadores de la Isla de Cuba con domicilio en La Habana : (Record no. 185267)

MARC details
000 -LEADER
campo de control de longitud fija 00896nam a2200181 i 4500
001 - NÚMERO DE CONTROL
campo de control 185267
003 - IDENTIFICADOR DE NÚMERO DE CONTROL
campo de control ES-MaACL
005 - FECHA Y HORA DE LA ÚLTIMA TRANSACCIÓN
campo de control 20230906222401.0
008 - DATOS DE LONGITUD FIJA--INFORMACIÓN GENERAL
campo de control de longitud fija 160503s1890 cu |||| | spa d
110 2# - ENTRADA PRINCIPAL--NOMBRE DE ENTIDAD CORPORATIVA
Nombre de entidad corporativa o nombre de jurisdicción como elemento de entrada Liga de Comerciantes Importadores de la Isla de Cuba.
9 (RLIN) 159472
245 10 - MENCIÓN DEL TÍTULO
Título Reglamento de la Liga de Comerciantes Importadores de la Isla de Cuba con domicilio en La Habana :
Resto del título aprobado en junta general de asociados celebrada el 22 de julio de 1890.
260 ## - PUBLICACIÓN, DISTRIBUCIÓN, ETC.
Lugar de publicación, distribución, etc. [S.l.] :
Nombre del editor, distribuidor, etc. [s.n.],
Fecha de publicación, distribución, etc. 1890 (
Lugar de fabricación/manufactura Habana :
Fabricante Estab. Tip., calle de O'Reilly 9)
300 ## - DESCRIPCIÓN FÍSICA
Extensión 26 p. ;
Dimensiones 20 cm.
530 ## - NOTA DISPONIBLE DE FORMULARIO FÍSICO ADICIONAL
Nota de formato físico adicional disponible Disponible en formato digital.
610 24 - PUNTO DE ACCESO ADICIONAL DE MATERIA--NOMBRE DE ENTIDAD CORPORATIVA
Nombre de entidad corporativa o nombre de jurisdicción como elemento de entrada Liga de Comerciantes Importadores de la Isla de Cuba-
Subdivisión de forma Reglamentos.
9 (RLIN) 159473
852 ## - LOCALIZACIÓN
Ubicación ES-MaACL
Número de control de estantería T-587-F-3
Nota libre .- Enc. en un vol. facticio con la cub. original
856 ## - LOCALIZACIÓN Y ACCESO ELECTRÓNICOS
Identificador Uniforme de Recursos <a href="http://bdh-rd.bne.es/viewer.vm?id=0000085734&page=1 ">http://bdh-rd.bne.es/viewer.vm?id=0000085734&page=1 </a>
Nota pública Biblioteca Digital Hispánica
Holdings
Estatus retirado Estado de pérdida Estado de daño No para préstamo Colección Biblioteca de origen Biblioteca actual Ubicación en estantería Fecha de adquisición Fuente de adquisición Total de préstamos Signatura topográfica completa Código de barras Visto por última vez Precio de reemplazo Tipo de ítem Koha
        Colección de folletos Biblioteca del Ateneo de Madrid Biblioteca del Ateneo de Madrid Depósito folletos 03/05/2016     T-587-F-3 1195192 23/02/2023 23/02/2023 Folleto